000 00449nam a2200169 4500
005 20260519123614.0
008 260427b |||||||| |||| 00| 0 eng d
020 _a9781138128811
082 _a801.950
_bSEL-A
100 _aSelden Raman
245 _a A Reader,s Guide to Contemporary Litaracy Theory
250 _a5th Ed.
260 _aGreat Britan ,Edinburgh Gate
_bPearson Education
300 _a302p
650 _aEnglish
942 _cBK
999 _c47397
_d47397